000 00234nam a22001097a 4500
082 _a621.38195SCO
100 _aScott
245 _aElectronic computer technology
260 _aLondon
_bMcGraw Hill
_c1970
300 _a618
942 _cBK
999 _c12946
_d12946